000 00417nam a2200181Ia 4500
008 210210b1923 xxu||||| |||| 00| 0 eng d
041 _aeng
082 _a824/236
100 _aNOBLE (R)
245 _aShakespeares use of song
260 _aLondon
_bOxford University Press
_c1923
650 _ause
650 _asong
650 _aShakespeares
650 _aof
690 _aEnglish Prose
906 _a014186
999 _c133287
_d133287